The book of Revelation : Based on the Revised Standard Version /

সংরক্ষণ করুন:
গ্রন্থ-পঞ্জীর বিবরন
প্রধান লেখক: Beasley-Murray, G.R
বিন্যাস: গ্রন্থ
ভাষা:ইংরেজি
প্রকাশিত: Grand Rapids : William B. Eerdmans, c1981.
মালা:New century Bible commentary
বিষয়গুলি:
ট্যাগগুলো: ট্যাগ যুক্ত করুন
কোনো ট্যাগ নেই, প্রথমজন হিসাবে ট্যাগ করুন!

MARC

LEADER 00000cam a22000002a 4500
001 0000003436
003 DAYSTAR
005 20171002023846.0
008 030703s1981 xx 001 0 eng d
020 |a 0551008970 
040 |a Daystar 
040 |d Nmicheni 
050 1 |a BS2825.3  |b .B24 
100 1 |a Beasley-Murray, G.R. 
245 1 4 |a The book of Revelation :  |b Based on the Revised Standard Version /  |c G.R. Beasley-Murray. 
260 |a Grand Rapids :  |b William B. Eerdmans,  |c c1981. 
300 |a 352 p. 
440 0 |a New century Bible commentary 
500 |a Includes indexes. 
630 0 0 |a Bible. N.T. Revelation  |x Commentaries. 
908 |a 060412 
942 |c G 
952 |0 0  |1 0  |4 0  |6 BS_2825_300000000000000_B24  |7 0  |9 79143  |a DUA  |b DUA  |c GC  |d 2017-09-28  |l 0  |o BS2825.3.B24  |p BK004644  |r 2017-09-28 00:00:00  |w 2017-09-28  |x 32103  |y G 
952 |0 4  |1 0  |4 0  |6 BS28253 B24  |7 0  |9 79144  |a DUN  |b DUN  |c STORE  |d 2017-09-28  |l 0  |o BS2825.3.B24  |p BK027304  |r 2017-09-28 00:00:00  |w 2017-09-28  |x 4646  |y G 
989 |a 1488783135 
999 |c 40424  |d 40424